00293 a2200121 4500001000700000020001800007040003500025100002100060240003800081245003300119300001000152362000900162156895 a9788508171729 cEscola São Tomás de Aquino aIACOCCA, Liliana10aMãe canguru, filho cangurulpor10aMãe canguru, filho canguru a16 p.0 a2015